000
00206 a2200097 4500
001
10943
100
_a
Walker, S.
245
_a
Learning theory and Behavior
260
_a
_b
Methuen
_c
090
_c
8512
_d
8512
942
_a
NUST-CAE
_c
M
_c
35281
999
_c
246016
_d
246016